Portfolio theory and Management (Record no. 18917)

MARC details
000 -LEADER
fixed length control field 00396nam a22001337a 4500
008 - FIXED-LENGTH DATA ELEMENTS--GENERAL INFORMATION
fixed length control field 210428b xxu||||| |||| 00| 0 eng d
020 ## - INTERNATIONAL STANDARD BOOK NUMBER
International Standard Book Number 0199829699
050 ## - LIBRARY OF CONGRESS CALL NUMBER
Classification number HG4529.5
Item number .P67 2013 c.1
245 ## - TITLE STATEMENT
Title Portfolio theory and Management
Statement of responsibility, etc. Edited by H. Kent Baker and Greg Filbeck
260 ## - PUBLICATION, DISTRIBUTION, ETC. (IMPRINT)
Place of publication, distribution, etc. New York
Name of publisher, distributor, etc. O.U.P.
Date of publication, distribution, etc. 2013
300 ## - PHYSICAL DESCRIPTION
Extent xxxii, 767p.
650 ## - SUBJECT ADDED ENTRY--TOPICAL TERM
Topical term or geographic name as entry element Portfolio management
942 ## - ADDED ENTRY ELEMENTS (KOHA)
Source of classification or shelving scheme Library of Congress Classification
Koha item type General Collection
Holdings
Withdrawn status Lost status Source of classification or shelving scheme Not for loan Home library Current library Date acquired Cost, normal purchase price Total Checkouts Full call number Barcode Date last seen Price effective from Koha item type
    Library of Congress Classification   Kabarak, Main Campus Kabarak, Main Campus 28/04/2021 10221.00   HG4529.5 .P67 2013 c.1 032992 28/04/2021 28/04/2021 General Collection
    Library of Congress Classification   Kabarak, Main Campus Kabarak, Main Campus 28/04/2021 10221.00   HG4529.5 .P67 2013 c.2 032993 28/04/2021 28/04/2021 General Collection
    Library of Congress Classification   Kabarak, Nakuru City Campus Kabarak, Nakuru City Campus 28/04/2021 10221.00   HG4529.5 .P67 2013 c.1 032994 28/04/2021 28/04/2021 General Collection
Designed with assistance from East African Informatics Ltd